[Event "RN-2017-0-01339"]
[Site "LSS email"]
[Date "2017.09.11"]
[Round "?"]
[White "Gul, Ahmet"]
[Black "Neuhausen, Rainer"]
[Result "0-1"]
[WhiteElo "1827"]
[BlackElo "1034"]
[PlyCount "20"]
[EventDate "2017.09.01"]
[EventType "tourn (corr)"]
[EventRounds "6"]
[EventCountry "GER"]
[SourceTitle "Corr 2022"]
[Source "ChessBase"]
[SourceDate "2021.10.24"]
[SourceVersion "1"]
[SourceVersionDate "2021.10.24"]
[SourceQuality "1"]

1. b3 e5 2. Bb2 Nc6 3. c4 Nf6 4. Nc3 d5 5. e3 d4 6. exd4 exd4 7. Nce2 Be7 8. Nf3 Bg4 9. Nexd4 Nxd4 10. Bxd4 Bxf3 0-1

[Event "RN-2017-0-01339"]
[Site "LSS email"]
[Date "2017.09.11"]
[Round "?"]
[White "Lauer, Frederic"]
[Black "Gul, Ahmet"]
[Result "1-0"]
[WhiteElo "1100"]
[BlackElo "1827"]
[PlyCount "21"]
[EventDate "2017.09.01"]
[EventType "tourn (corr)"]
[EventRounds "6"]
[EventCountry "GER"]
[SourceTitle "Corr 2022"]
[Source "ChessBase"]
[SourceDate "2021.10.24"]
[SourceVersion "1"]
[SourceVersionDate "2021.10.24"]
[SourceQuality "1"]

1. e4 Nf6 2. e5 Nd5 3. c4 Nb6 4. c5 Nd5 5. Nc3 Nxc3 6. dxc3 Nc6 7. Nf3 e6 8. Be3 d6 9. cxd6 cxd6 10. Bb5 d5 11. 0-0 1-0

[Event "SN-2017-0-00871"]
[Site "LSS email"]
[Date "2017.08.07"]
[Round "?"]
[White "Gul, Ahmet"]
[Black "Molina, Vicente Andres"]
[Result "0-1"]
[WhiteElo "1827"]
[BlackElo "770"]
[PlyCount "30"]
[EventDate "2017.07.13"]
[EventType "tourn (corr)"]
[EventRounds "6"]
[EventCountry "GER"]
[SourceTitle "Corr 2022"]
[Source "ChessBase"]
[SourceDate "2021.10.24"]
[SourceVersion "1"]
[SourceVersionDate "2021.10.24"]
[SourceQuality "1"]

1. d4 d6 2. c4 Nf6 3. Nc3 Nbd7 4. e4 e5 5. d5 Be7 6. f4 exf4 7. Bxf4 0-0 8. Nf3 Nc5 9. Qc2 a6 10. b4 Ncd7 11. Bd3 Re8 12. 0-0 Bf8 13. Kh1 g6 14. Rfe1 Bg7 15. a4 Rb8 0-1